Countries Ending In Two Vowels - Statistics

General Stats
  • This quiz has been taken 217 times
    151 since last reset
  • The average score is 42 of 50
Answer Stats
Answer % Correct
Australia
95%
Austria
94%
India
94%
Indonesia
93%
Albania
91%
Serbia
91%
Latvia
90%
Algeria
89%
Lithuania
89%
Romania
89%
Bulgaria
88%
Estonia
88%
Guinea
88%
Russia
88%
Armenia
87%
Croatia
87%
Gambia
87%
Nigeria
87%
Slovenia
87%
Colombia
86%
Cambodia
85%
Eritrea
85%
Malaysia
85%
Slovakia
85%
Syria
85%
Ethiopia
84%
Liberia
84%
Somalia
84%
Bolivia
83%
North Korea
83%
Saudi Arabia
83%
South Korea
83%
Tanzania
83%
Namibia
82%
Tunisia
82%
Zambia
81%
Equatorial Guinea
80%
Mauritania
79%
North Macedonia
79%
Guinea-Bissau
78%
Georgia
77%
Mongolia
77%
Palau
73%
Papua New Guinea
73%
Saint Lucia
73%
F.S. of Micronesia
72%
Brunei
71%
Nicaragua
71%
Samoa
71%
Mozambique
58%
No matching quizzes found
Score Distribution
Percent of People with Each Score
Percentile by Number Answered
Your Score History
You have not taken this quiz since the last reset